Structural change and banking employment
Saved in:
| Main Author: | |
|---|---|
| Other Authors: | , |
| Format: | Book |
| Language: | English |
| Published: |
[s.l.] :
Hellenic Bank Association,
[19--]
|
| Subjects: | |
| Tags: |
Add Tag
No Tags, Be the first to tag this record!
|
MARC
| LEADER | 00000cam a2200000 i 4500 | ||
|---|---|---|---|
| 001 | 1/10022 | ||
| 008 | 000829q eng d | ||
| 035 | |l 10063277 | ||
| 040 | |a GR-MY-UA |b gre |e aacr | ||
| 041 | 0 | |a eng | |
| 082 | 0 | |a 332.1023 | |
| 100 | 1 | |a Κανελλόπουλος, Κωσταντίνος Ν. | |
| 245 | 1 | 0 | |a Structural change and banking employment / |c Kostas Kanellopoulos, George Tsatiris, Theodore Mitrakos |
| 260 | |a [s.l.] : |b Hellenic Bank Association, |c [19--] | ||
| 300 | |a 190 p.; |b πίν., διαγρ.; |c 24 εκ. | ||
| 650 | 0 | 0 | |a Banks and banking |z Europe. |
| 650 | 0 | 0 | |a Employment and employees. |
| 700 | 1 | |a Τσατήρης, Γιώργος. | |
| 700 | 1 | |a Μητράκος, Θεόδωρος Μ. | |
| 852 | |a INST |b CHIOS |e 20000829 |h 332.1023 ΚΑΝ |p 005200018338 |q 005200018338 |t BK |y 0 | ||
| 901 | |a BIBL2-2000-2 | ||
| 909 | |a Χ |b 074738 | ||
| 970 | |z 2000/08/ΣΟΦΙΑ | ||